Murrinda panai : (Record no. 1248)
[ view plain ]
| 000 -LEADER | |
|---|---|
| fixed length control field | 00234nam a2200097Ia 4500 |
| 008 - FIXED-LENGTH DATA ELEMENTS--GENERAL INFORMATION | |
| fixed length control field | 240331s9999 xx 000 0 und d |
| 082 ## - DDC Classification | |
| Class No. | 303.6 |
| Item Number - Author Mark | MUR |
| 100 ## - MAIN ENTRY--PERSONAL NAME | |
| Personal name | Rajan,H. ed |
| 245 #0 - TITLE STATEMENT | |
| Title | Murrinda panai : |
| Remainder of title | the broken palmyrah |
| 942 ## - Koha item type (Biblio) | |
| Koha item type | Books in Stacks (Lending) |
| Lost status | Damaged status | Collection code | Home library | Current library | Shelving location | Date acquired | Full call number | Accession Number | Item type |
|---|---|---|---|---|---|---|---|---|---|
| Lending | WERC Library | WERC Library | Social Science Cupboard | 03/31/2024 | 303.6 MUR | 2391 | Books in Stacks (Lending) |
